| 000 | 01670cam a2200457 4500 | ||
|---|---|---|---|
| 003 | PE-LiUPU | ||
| 005 | 20250731184601.0 | ||
| 020 | _a8588611139 | ||
| 035 | _a(Sirsi) i9788588611139 | ||
| 035 | _a(Sirsi) 50107 | ||
| 035 | _a(Sirsi) 50107 | ||
| 041 | _apr | ||
| 044 | _abr | ||
| 082 | 0 | 4 |
_a930 _bC75 |
| 100 | 1 | _aCooper, Bill | |
| 245 |
_aDepois do dilúvi : _ba história antiga da Europa retrocedendo até o dilúvio Bíblico / _cBill Cooper. |
||
| 264 | 1 |
_aBrasília : _bSociedade Criacionista Brasileira, _c1995 |
|
| 300 |
_a205 páginas : _bilustraciones ; _c21 cm. |
||
| 505 | 0 | _aNo principio -- Oconhecimento de Deus no paganismo da antiguidade -- Onde comcar -- Nennius e a tabela das nacoes Européias -- As Crónicas dos antigos bretóes -- A história dos primeiro reis bretoes -- A linhagem dos reis anglo-saxonicos -- | |
| 526 | _aP136 | ||
| 526 | _aP135 | ||
| 526 | _aP134 | ||
| 526 | _aP133 | ||
| 526 | _aP144 | ||
| 526 | _aP143 | ||
| 526 | _aP87 | ||
| 526 | _aP35 | ||
| 526 | _aP20 | ||
| 526 | _aP14 | ||
| 526 | _aP10 | ||
| 526 | _aP06 | ||
| 650 | 1 | 4 | _aHistoria antigua |
| 650 | 1 | 4 | _aHistoria de Europa |
| 859 |
_q67026 _h930 _iC75 |
||
| 910 |
_agl _b _cng _d20130424 |
||
| 942 |
_2ddc _cBOOK |
||
| 949 |
_a930 C75 _i67026 _lCCODEBUL1 _mBUL _tLIBRO _o.STAFF. Colección General |
||
| 596 | _a1 | ||
| 999 |
_a930 C75 _wDEWEY _c54732 _i67026 _d54732 _e2017-8-20 _f2021-11-8 _g5 _lCCODEBUL1 _mBUL _n1 _p15.00 _r0 _sY _tBOOK _u2015-7-6 _xBIBLIOTECA _zUNKNOWN _0COMPRA _o.STAFF. Colección General |
||
| 980 |
_81 _gALBERTO SANCHEZ Responsable de Automatización |
||